• 首页
  • 本馆介绍
  • 公告通知
  • 最新文献
  • 馆藏检索
  • 电子资源
  • 读者导购
  • 参考咨询
  • 我的图书馆
  • 登录
  • 详细信息显示
  • 放入我的书架
  • 预约/预借图书
  • 作者相关作品
  • 分类相关作品
  • 丛书相关作品
  • 出版社相关作品

书目信息

  • 表格格式
  • 工作单格式
  • 卡片格式
题名:
化工工程制图
    
 
作者: 魏崇光 , 郑晓梅 主编 ;北京化工学院 编
分册:   化工制图
出版信息: 北京   化学工业出版社  1994.5
页数: 197页
开本: 26cm
丛书名:
单 册:
中图分类: TQ050.2
科图分类: 79.5032
主题词: 化工机械-机械制图--高等学校--教学参考资料 , 机械制图-化工机械--高等学校--教学参考资料
电子资源:
ISBN: 7-5025-1290-X
000 01126nam0 2200313 45
001 0194037782
005 20070615085736.73
010    @a7-5025-1290-X@dCNY7.50
100    @a19940802d1994 em y0chiy0121 ea
101 0  @achi
102    @aCN@b110000
105    @ay z 000yy
200 10 @a化工工程制图@AHUA GONG GONG CHENG ZHI TU@i化工制图@IHUA GONG ZHI TU@f魏崇光,郑晓梅主编@FWEI CHONG GUANG , ZHENG XIAO MEI ZHU BIAN@g化学工业部部属五院校编
210    @a北京@c化学工业出版社@d1994.5
215    @a197页@c折图@d26cm
300    @a高等学校教学用书
300    @a五院校包括:北京化工学院、南京化工学院、郑州工学院、沈阳化工学院、武汉化工学院
314    @a魏崇光,武汉化工学院任教
314    @a郑晓梅,北京化工学院任教
540 1  @a制图@AZHI TU
606    @a化工机械-机械制图@x高等学校@x教学参考资料
606    @a机械制图-化工机械@x高等学校@x教学参考资料
690    @aTQ050.2@v三版
692    @a79.5032
701  0 @a魏崇光@AWEI CHONG GUANG@4主编
701  0 @a郑晓梅@AZHENG XIAO MEI@4主编
712 02 @a北京化工学院@ABEI JING HUA GONG XUE YUAN@4编
801  0 @aCN@bTSSF@c20070615
905    @a10447@dTQ050.2@e147
    
    化工工程制图.化工制图/魏崇光,郑晓梅主编/化学工业部部属五院校编.-北京:化学工业出版社,1994.5
    197页:折图;26cm
    高等学校教学用书.-五院校包括:北京化工学院、南京化工学院、郑州工学院、沈阳化工学院、武汉化工学院
    
    ISBN 7-5025-1290-X:CNY7.50
    
●
相关链接 在E读中查询图书 在五车中查询图书 在当当中查询图书 在豆瓣中查询图书


正题名:化工工程制图     索取号:TQ050.2/147         预约/预借

序号 登录号 条形码 馆藏地/架位号 状态 备注
1 0634762   206347620   第二样本阅览室/ [索取号:TQ050.2/147] 在馆    
2 0634763   206347639   密集书库/ [索取号:TQ050.2/147] 在馆    
3 0634764   206347648   密集书库/ [索取号:TQ050.2/147] 在馆    
4 0634765   206347657   密集书库/ [索取号:TQ050.2/147] 在馆    
5 0634766   206347666   密集书库/ [索取号:TQ050.2/147] 在馆    
6 0634767   206347675   密集书库/ [索取号:TQ050.2/147] 在馆    
7 0634768   206347684   密集书库/ [索取号:TQ050.2/147] 在馆    
8 0634769   206347693   密集书库/ [索取号:TQ050.2/147] 在馆    
9 0634770   206347700   密集书库/ [索取号:TQ050.2/147] 在馆    
10 0634771   206347719   密集书库/ [索取号:TQ050.2/147] 在馆    
11 0634772   206347728   密集书库/ [索取号:TQ050.2/147] 在馆    
12 0634773   206347737   密集书库/ [索取号:TQ050.2/147] 在馆    
13 0634774   206347746   密集书库/ [索取号:TQ050.2/147] 在馆    
14 0634775   206347755   密集书库/ [索取号:TQ050.2/147] 在馆    
15 0634776   206347764   密集书库/ [索取号:TQ050.2/147] 在馆    
16 0634777   206347773   密集书库/ [索取号:TQ050.2/147] 在馆    
17 0634778   206347782   密集书库/ [索取号:TQ050.2/147] 在馆    
18 0634779   206347791   密集书库/ [索取号:TQ050.2/147] 在馆    
19 0634780   206347808   密集书库/ [索取号:TQ050.2/147] 在馆    
20 0634781   206347817   密集书库/ [索取号:TQ050.2/147] 在馆    
21 0634782   206347826   密集书库/ [索取号:TQ050.2/147] 在馆    
22 0634783   206347835   密集书库/ [索取号:TQ050.2/147] 在馆    
23 0634784   206347844   密集书库/ [索取号:TQ050.2/147] 在馆    
24 0634785   206347853   密集书库/ [索取号:TQ050.2/147] 在馆    
25 0634786   206347862   密集书库/ [索取号:TQ050.2/147] 在馆    
26 0634787   206347871   密集书库/ [索取号:TQ050.2/147] 在馆    
27 0634788   206347880   密集书库/ [索取号:TQ050.2/147] 在馆    
28 0634789   206347899   密集书库/ [索取号:TQ050.2/147] 在馆    
29 0647935   206479354   库房3/ [索取号:TQ050.2/147] 在馆    
30 0647936   206479363   库房3/ [索取号:TQ050.2/147] 在馆    
31 0647937   206479372   库房3/ [索取号:TQ050.2/147] 在馆    
32 0647938   206479381   库房3/ [索取号:TQ050.2/147] 在馆    
33 0647939   206479390   库房3/ [索取号:TQ050.2/147] 在馆    
34 0647940   206479407   库房3/ [索取号:TQ050.2/147] 在馆    
35 0647941   206479416   库房3/ [索取号:TQ050.2/147] 在馆    
36 0647942   206479425   库房3/ [索取号:TQ050.2/147] 在馆    
37 0647943   206479434   库房3/ [索取号:TQ050.2/147] 在馆    
38 0647944   206479443   库房3/ [索取号:TQ050.2/147] 在馆    
39 0647945   206479452   库房3/ [索取号:TQ050.2/147] 在馆    
40 0647946   206479461   库房3/ [索取号:TQ050.2/147] 在馆    
41 0647947   206479470   库房3/ [索取号:TQ050.2/147] 在馆    
42 0647948   206479489   库房3/ [索取号:TQ050.2/147] 在馆    
43 0647949   206479498   库房3/ [索取号:TQ050.2/147] 在馆    
44 0647950   206479504   库房3/ [索取号:TQ050.2/147] 在馆    
45 0647951   206479513   库房3/ [索取号:TQ050.2/147] 在馆    
46 0647952   206479522   库房3/ [索取号:TQ050.2/147] 在馆    
47 0647953   206479531   库房3/ [索取号:TQ050.2/147] 在馆    
48 0647954   206479540   库房3/ [索取号:TQ050.2/147] 在馆    
49 0647955   206479559   库房3/ [索取号:TQ050.2/147] 在馆    
50 0647956   206479568   库房3/ [索取号:TQ050.2/147] 在馆    
51 0647957   206479577   库房3/ [索取号:TQ050.2/147] 在馆    
52 0647958   206479586   库房3/ [索取号:TQ050.2/147] 在馆    
53 0647959   206479595   库房3/ [索取号:TQ050.2/147] 在馆    
54 0647960   206479602   库房3/ [索取号:TQ050.2/147] 在馆    
55 0647961   206479611   库房3/ [索取号:TQ050.2/147] 在馆    
唐山师范学院图书馆 欢迎您!
大连网信软件有限公司© 版权所有